Staviteľstvo I. : návody na cvičenia z predmetu 1712
Guardado en:
| Autor principal: | |
|---|---|
| Formato: | Libro |
| Publicado: |
Bratislava :
STU v Bratislave,
2001
|
| Etiquetas: |
Sin Etiquetas, Sea el primero en etiquetar este registro!
|
MARC
| LEADER | 00000nam a22000003a 4500 | ||
|---|---|---|---|
| 001 | stu73028 | ||
| 005 | 20150617225646.5 | ||
| 008 | 011217s2001----------------------------d | ||
| 040 | |a STU |b slo | ||
| 041 | 0 | ||
| 100 | 1 | |a Tužinský, Imrich, |d 1938- |4 aut |u A4140 |U FAD Fakulta architektúry |T FA Ústav konštrukcií v architektúre a inžinierskych stavieb |X 435 |U A4140 |Y 395 |7 A000000435 | |
| 245 | 1 | |a Staviteľstvo I. : |b návody na cvičenia z predmetu 1712 | |
| 260 | |a Bratislava : |b STU v Bratislave, |c 2001 | ||
| 300 | |a nestr | ||
| 996 | |b 284AB00717 |c A*965 B |l AAKNSK |s P |a 0 |w stu73028_0001 | ||